Zvyšovanie akosti výrobkov, prác a služieb : 7.seminár
Gespeichert in:
| Format: | Buch |
|---|---|
| Sprache: | Slowakisch |
| Veröffentlicht: |
Bratislava :
DT ČSVTS,
1987
|
| Ausgabe: | 1.vyd. |
| Schlagworte: | |
| Tags: |
Keine Tags, Fügen Sie das erste Tag hinzu!
|
MARC
| LEADER | 00000nam a22000003a 4500 | ||
|---|---|---|---|
| 001 | stu45217 | ||
| 005 | 20150408180232.6 | ||
| 008 | 960109s1987----cs------------------slo-d | ||
| 040 | |a STU |b slo | ||
| 041 | 0 | |a slo | |
| 044 | |a cs | ||
| 080 | |a 658.6(082) |7 stu_us_auth*stu11815 | ||
| 080 | |a 658.56 | ||
| 245 | |a Zvyšovanie akosti výrobkov, prác a služieb : |b 7.seminár | ||
| 250 | |a 1.vyd. | ||
| 260 | |a Bratislava : |b DT ČSVTS, |c 1987 | ||
| 300 | |a 58 s | ||
| 650 | 7 | |a kvalita |2 stusub | |
| 650 | 7 | |a výrobky |2 stusub | |
| 650 | 7 | |a zborníky |2 stusub | |
| 650 | 7 | |a služby |2 stusub | |
| 996 | |b MZ 242 |c M*Z-242 |l MMKN |s A |a 24 |w stu45217_0001 | ||